000 004520000a22001810004500
003 MACL
005 20150728182004.0
008 150728b xxu||||| |||| 00| 0 eng d
040 _aMACL
_cMACL
041 _aEnglish
082 _a333
100 _aBasu, Amitabha
_93037
245 _aHuman Adaptation to Environment
260 _bIndian Antthropological Society
_c1985
_aCalcutta
350 _a75
650 _aEconomics
_93038
942 _cBK
_k333
_2ddc
999 _c5788
_d5788